Patterns for parallel software design / (Record no. 22707)
[ view plain ]
| 000 -LEADER | |
|---|---|
| fixed length control field | 00879cam a22002655a 4500 |
| 001 - CONTROL NUMBER | |
| control field | 15648024 |
| 005 - DATE AND TIME OF LATEST TRANSACTION | |
| control field | 20161019113013.0 |
| 008 - FIXED-LENGTH DATA ELEMENTS--GENERAL INFORMATION | |
| fixed length control field | 090305s2010 enka frb 001 0 eng d |
| 020 ## - INTERNATIONAL STANDARD BOOK NUMBER | |
| International Standard Book Number | 9780470697344 |
| 040 ## - CATALOGING SOURCE | |
| Original cataloging agency | DLC |
| Transcribing agency | DLC |
| Modifying agency | DLC |
| -- | EG-ScBUE |
| Language of cataloging | eng |
| 082 04 - DEWEY DECIMAL CLASSIFICATION NUMBER | |
| Classification number | 005.12 |
| Edition number | 22 |
| Item number | ORT |
| 100 1# - MAIN ENTRY--PERSONAL NAME | |
| Personal name | Ortega-Arjona, Jorge Luis. |
| 245 10 - TITLE STATEMENT | |
| Title | Patterns for parallel software design / |
| Statement of responsibility, etc | Jorge Luis Ortega-Arjona. |
| 260 ## - PUBLICATION, DISTRIBUTION, ETC. (IMPRINT) | |
| Place of publication, distribution, etc | Chichester : |
| Name of publisher, distributor, etc | John Wiley & Sons, |
| Date of publication, distribution, etc | 2010. |
| 300 ## - PHYSICAL DESCRIPTION | |
| Extent | xxii, 416 p. : |
| Other physical details | ill. ; |
| Dimensions | 25 cm. |
| 490 0# - Series Statement | |
| Series statement | Wiley series in software design patterns. |
| 500 ## - GENERAL NOTE | |
| General note | Includes indexes. |
| 504 ## - BIBLIOGRAPHY, ETC. NOTE | |
| Bibliography, etc | Bibliography : p. 397-407. |
| 650 #7 - SUBJECT ADDED ENTRY--TOPICAL TERM | |
| Topical term or geographic name as entry element | Parallel programming (Computer science) |
| Source of heading or term | BUEsh |
| 9 (RLIN) | 37076 |
| 650 #7 - SUBJECT ADDED ENTRY--TOPICAL TERM | |
| Topical term or geographic name as entry element | Software patterns. |
| Source of heading or term | BUEsh |
| 9 (RLIN) | 19720 |
| 650 #7 - SUBJECT ADDED ENTRY--TOPICAL TERM | |
| Topical term or geographic name as entry element | Software architecture. |
| Source of heading or term | BUEsh |
| 9 (RLIN) | 29417 |
| 651 ## - SUBJECT ADDED ENTRY--GEOGRAPHIC NAME | |
| Source of heading or term | BUEsh |
| 653 ## - INDEX TERM--UNCONTROLLED | |
| Resource For college | Informatics and Computer Science |
| Arrived date list | October2016 |
| 942 ## - ADDED ENTRY ELEMENTS (KOHA) | |
| Source of classification or shelving scheme | Dewey Decimal Classification |
| Withdrawn status | Item status | Source of classification or shelving scheme | Damaged status | Not for loan | Vendor | Home library | Current library | Shelving location | Date acquired | Source of acquisition | Cost, normal purchase price | Serial Enumeration / chronology | Total Checkouts | Full call number | Barcode | Date last seen | Cost, replacement price | Koha item type |
|---|---|---|---|---|---|---|---|---|---|---|---|---|---|---|---|---|---|---|
| Dewey Decimal Classification | Baccah | Central Library | Central Library | Lower Floor | 19/10/2016 | Purchase | 312.00 | 9128 | 005.12 ORT | 000034329 | 15/07/2025 | 390.00 | Book - Borrowing |